| 000 | 00352nam a22001457a 4500 | ||
|---|---|---|---|
| 020 | _a9694040086 | ||
| 082 | _a954.9 QUR | ||
| 100 | _aQuresshi, I.H. | ||
| 245 | _aA Short History of Pakistan | ||
| 260 |
_aKarachi _bUniversity of Karachi _c2006 |
||
| 300 |
_a294p. : _e25 cm |
||
| 650 | _aHistory of Pakistan | ||
| 700 | _a I.H. Quresshi, | ||
| 942 | _cBK | ||
| 999 |
_c11645 _d11645 |
||